David y Goliath /
Uloženo v:
| Korporativní autor: | |
|---|---|
| Médium: | Kniha |
| Jazyk: | Spanish |
| Vydáno: |
Buenos Aires, Argentina:
CLACSO,
1970-
|
| Témata: | |
| Tagy: |
Přidat tag
Žádné tagy, Buďte první, kdo vytvoří štítek k tomuto záznamu!
|
MARC
| LEADER | 00000nam a22000007a 4500 | ||
|---|---|---|---|
| 003 | cru CIDCACS/IIS | ||
| 005 | 20200611062550.0 | ||
| 008 | 200417s1970 ag |||p|r|||||| ||spa|d | ||
| 999 | |c 43085 |d 43085 | ||
| 022 | |a 03250431 | ||
| 040 | |c cru CIDCACS/IIS | ||
| 090 | |a REV0268 | ||
| 110 | 2 | |9 9239 |a Consejo Latinoamericano de Ciencias Sociales (CLACSO) | |
| 245 | 1 | |a David y Goliath / |c Consejo Latinoamericano de Ciencias Sociales | |
| 260 | |a Buenos Aires, Argentina: |b CLACSO, |c 1970- | ||
| 270 | |a Avenida Callao 875, tercera E, 1023 |d Argentina | ||
| 500 | |a EXISTENCIAS : 1980-1981 11-12 (38-41) 1982 13 (42) 1983-1990 14-19 (44-56) 1985 15(47) 1988 18(53) 1991 (58) 1993 21 (59) Semestral | ||
| 650 | 0 | |9 67 |a SISTEMAS POLITICOS | |
| 650 | 0 | |9 3913 |a PLANIFICACIÓN | |
| 650 | 0 | |a MOVIMIENTOS SOCIALES |9 3 | |
| 650 | 0 | |9 944 |a EDUCACION | |
| 650 | 0 | |9 3309 |a CLASE OBRERA | |
| 650 | 0 | |9 7 |a SINDICATOS | |
| 650 | 4 | |9 2655 |a POLITICA ECONOMICA | |
| 650 | 0 | |9 1860 |a IGLESIA | |
| 650 | 0 | |9 3063 |a EPOCA COLONIAL | |
| 650 | 0 | |9 75 |a CIENCIAS SOCIALES | |
| 650 | 0 | |9 126 |a CULTURA | |
| 650 | 0 | |9 38 |a DERECHOS HUMANOS | |
| 942 | |2 ddc |c PP | ||
